000 00785nam a2200253Ia 4500
003 OSt
005 20220923222143.0
006 a|||||r|||| 00| 0
007 ta
008 220922b |||||||| |||| 00| 0 ben d
024 _a203,450
037 _cTextual
040 _aARTS
_cARTS
_bben
041 _2ben
_aben
082 _aO157,3N12,47, 152L0
100 _aमित्र, विमल
245 0 _aमन क्यों उदास है
246 _ahin kyoan udās hai
260 _aदिल्ली
_b राजपाल एंड सन्स
_c1970
300 _a168पृ0
_ccm.
650 _aबंगाली कहानी
942 _hO157,3N12,47, 152L0
_cTEXL
_2CC
999 _c354202
_d354202